Death in the afternoon /

Dades bibliogràfiques
Autor principal: Hemingway, Ernest, 1899-1961
Format: Llibre
Publicat: London : Jonathan Cape Ltd. , 1939.
Matèries:
Classic Catalogue: View this record in Classic Catalogue
LEADER 00804nam a2200229 a 4500
001 0017276
003 BD-DhAAL
008 0907010s1939 enka 000 0 eng d
020 |a 0099909103 
040 |a BD-DhAAL  |c BD-DhAAL 
082 0 0 |a 791.82  |2 21 
100 1 |a Hemingway, Ernest,  |d 1899-1961. 
245 1 0 |a Death in the afternoon /  |c Ernest Hemingway. 
260 |a London :  |b Jonathan Cape Ltd. ,  |c 1939. 
300 |a 343 p. :  |b ill. ;  |c 24 cm. 
526 |a ENH 
541 1 |e 00017276  |a Omni Books 
650 0 |a Bullfights.  |9 58359 
852 4 |a Ayesha Abed Library  |c General Stacks 
942 |2 ddc  |c BK 
999 |c 1950  |d 1950 
952 |0 0  |1 0  |2 ddc  |4 0  |6 791_820000000000000_HEM  |7 0  |9 1789  |a BRACUL  |b BRACUL  |c GEN  |d 2009-07-02  |e Omni Books  |g 400.00  |l 3  |m 1  |o 791.82 HEM  |p 3010017276  |r 2026-04-30  |s 2026-04-18  |t 1  |v 800.00  |w 2009-07-02  |y BK